Nástroje ekologickej politiky

Úloha hospodárskej politiky v oblasti ochrany životného prostredia. Klasifikácia nástrojov ekologickej politiky. Príkazy a zákazy ako normatívne nástroje ekologickej politiky.

Uložené v:
Podrobná bibliografia
Hlavný autor: Romančíková, Eva
Médium: Kapitola
Jazyk:Slovak
Predmet:
Tagy: Pridať tag
Žiadne tagy, Buďte prvý, kto otaguje tento záznam!

MARC

LEADER 00000naa$a2200000$$$4500
001 0086639
005 20260121115006.3
041 0 |a slo 
044 |a SK 
245 1 0 |a Nástroje ekologickej politiky  |c Eva Romančíková 
520 |a Úloha hospodárskej politiky v oblasti ochrany životného prostredia. Klasifikácia nástrojov ekologickej politiky. Príkazy a zákazy ako normatívne nástroje ekologickej politiky. 
610 2 0 |a politika ekologická 
610 2 0 |a politika hospodárska 
610 2 0 |a environmentalistika 
610 2 0 |a ochrana prostredia životného 
100 1 |a Romančíková, Eva